000 00824nam a22002417a 4500
999 _c14922
_d14922
003 AR-CdUCM
008 190425b ||||| |||| 00| 0 spa d
020 _a978-9972-51-615-3
040 _aMUNICIPALIDAD PROVINCIAL DEL CUSCO
_cBIBLIOTECA MUNICIPAL DEL CUSCO
082 _22ed.
_aPI / 800 /
_bR84
100 _aRostworowski, María
_9377
245 _aLa muerte del sol y otros cuentos del antiguo Perú /
260 _aLima :
_bIEP,
_c2017.
300 _a47 páginas ;
_bilustraciones,
_c19.5 cm.
440 _aLecturas para la escuela.
_n41
_933897
650 _aLeyendas
_92226
650 _aLiteratura infantil
_9588
650 _aCuentos peruanos
_97
700 _aChung, Beatriz (ilustraciones)
_924585
710 _aInstituto de Estudios Peruanos (Lima)
_99759
942 _2ddc
_cLIBROS
945 _aachl
_d2019-04-25